POULTRY :MEAT PROCESSING , COOLING AND PRESERVATION METHODS (Record no. 216169)

MARC details
000 -LEADER
fixed length control field 00443nam a22001577a 4500
008 - FIXED-LENGTH DATA ELEMENTS--GENERAL INFORMATION
fixed length control field 251112b |||||||| |||| 00| 0 eng d
020 ## - INTERNATIONAL STANDARD BOOK NUMBER
International Standard Book Number 979-8-88715-02-77
100 ## - MAIN ENTRY--PERSONAL NAME
Personal name BAKER ISABELLE
245 ## - TITLE STATEMENT
Title POULTRY :MEAT PROCESSING , COOLING AND PRESERVATION METHODS
260 ## - PUBLICATION, DISTRIBUTION, ETC.
Place of publication, distribution, etc. DUBLIN OH
Name of publisher, distributor, etc. ORYSON PRESS
Date of publication, distribution, etc. 2023
300 ## - PHYSICAL DESCRIPTION
Extent V,284P.
500 ## - GENERAL NOTE
General note INCLUDES AN INDEX
650 ## - SUBJECT ADDED ENTRY
Topical term or geographic name entry element POULTRY-PROCESSING
942 ## - ADDED ENTRY ELEMENTS (KOHA)
Source of classification or shelving scheme Library of Congress Classification
Koha item type Long Loan Book
Holdings
Withdrawn status Lost status Source of classification or shelving scheme Damaged status Not for loan Collection Home library Current library Shelving location Date acquired Inventory number Total checkouts Full call number Barcode Date last seen Copy number Price effective from Koha item type
    Library of Congress Classification     Science & Technology Kisii University Library Kisii University Library On Display 11/12/2025 109732   TP 371.5 .B35 2023 000000024823 11/12/2025 C.4 11/12/2025 Long Loan Book
    Library of Congress Classification     Science & Technology Kisii University Library Kisii University Library On Display 11/12/2025 109731   TP 371.5 .B35 2023 000000024824 11/12/2025 C.3 11/12/2025 Long Loan Book
    Library of Congress Classification     Science & Technology Kisii University Library Kisii University Library On Display 11/12/2025 109730   TP 371.5 .B35 2023 000000024825 11/12/2025 C.2 11/12/2025 Long Loan Book
    Library of Congress Classification     Science & Technology Kisii University Library Kisii University Library On Display 11/12/2025 109729   TP 371.5 .B35 2023 000000024826 11/12/2025 C.1 11/12/2025 Long Loan Book